000 02696cam a2200529 a 4500
001 ocn772138761
003 OCoLC
005 20200320190425.0
008 120229s2012 nyu d 000 1 eng
010 _a 2012001954
020 _a9780375870415 (hbk.)
020 _a0375870415 (hbk.)
020 _a9780375970412 (lib. bdg.)
020 _a037597041X (lib. bdg.)
029 1 _aNZ1
_b14273801
035 _a(OCoLC)772138761
040 _aDLC
_beng
_cDLC
_dIG#
_dBTCTA
_dBDX
_dYDXCP
_dCO2
_dOCLCO
_dIK2
_dJBL
_dNZWHC
_dVP@
_dWACOL
049 _aWACL
050 0 0 _aPZ7.B751645
_bUns 2012
082 0 0 _a[Fic]
_223
084 _aJUV026000
_aJUV018000
_2bisacsh
092 _ayoung adult
_bBre
100 1 _aBrennan, Sarah Rees.
_95874031
245 1 0 _aUnspoken /
_cSarah Rees Brennan.
250 _a1st ed.
260 _aNew York :
_bRandom House,
_cc2012.
300 _a373 p. ;
_c22 cm.
490 1 _aThe Lynburn legacy ;
_vbk. 1
520 _a"Kami Glass is in love with someone she's never met--a boy she's talked to in her head since she was born. This has made her an outsider in the sleepy English town of Sorry-in-the-Vale, but she has learned ways to turn that to her advantage. Her life seems to be in order, until disturbing events begin to occur. There has been screaming in the woods and the manor overlooking the town has lit up for the first time in 10 years. The Lynburn family, who ruled the town a generation ago and who all left without warning, have returned. Now Kami can see that the town she has known and loved all her life is hiding a multitude of secrets--and a murderer. The key to it all just might be the boy in her head. The boy she thought was imaginary is real, and definitely and deliciously dangerous"--
_cProvided by publisher.
521 _ayoung adult
_bjunior library guild
650 0 _aMagic
_vJuvenile fiction.
_95673690
650 0 _aMagicians
_vJuvenile fiction.
_95691284
651 0 _aEngland
_vJuvenile fiction.
_95673696
650 7 _aJUVENILE FICTION / Love & Romance.
_2bisacsh
_95679136
650 7 _aJUVENILE FICTION / Horror & Ghost Stories.
_2bisacsh
_95675733
655 7 _aHorror fiction.
_2gsafd
_95874032
800 1 _aBrennan, Sarah Rees.
_tLynburn legacy ;
_vbk. 1.
_95874033
856 4 2 _3Cover image
_u978-0-375-87041-5.jpg
938 _aIngram
_bINGR
_n9780375870415
938 _aBaker and Taylor
_bBTCP
_nBK0010671144
938 _aBrodart
_bBROD
_n102550018
_c$21.99
938 _aYBP Library Services
_bYANK
_n9622290
942 _cBOOK
_024
948 _a10/05/2012
_zSirsi
994 _a02
_bWACOL
996 _a93427
_b34301001094343
_cYA
_dbk
_ewcl
_fi
_g24
_h18.99
_ljunior library guild
_mBre
_p10/31/2012
_q02/16/2019
_r01/30/2019
999 _c278933
_d278933